000
00323nam a2200157 a 4500
003
DLC
005
20210219152748.0
022
_a
0278-3258
035
_a
UPN01000060245
245
0
0
_a
ELECTRONIC LEARNING
260
_b
Scholastic,
260
_c
1978
310
_a
Bimestral
905
_a
Revista
999
_c
60069
_d
60069